000 00745nam a2200253Ia 4500
003 OSt
005 20220925204908.0
006 a|||||r|||| 00| 0
007 ta
008 220923b |||||||| |||| 00| 0 eng d
037 _cGeneral Book
040 _aRTL
_cRTL
_beng
041 _2eng
_aeng
082 _aY:6, L0
100 _aMcBride William Leon
_9269218
245 0 _aFundamental change in law and society
_b Hart and sa
260 _aHague
_bMouton
_c1970
300 _a235p
_ccm.
490 _aStudies in the Social Sciences. Ed. by C A O Van Nieuwenhuijze
500 _aBibliography: p 226-29
650 _aSocial Change
942 _hY:6, L0
_cGB
_2CC
999 _c550702
_d550702